Statistics for Marvels: The Avengers Cast and Characters

Click here to take the quiz!

General Stats

  • This quiz has been taken 35 times
  • The average score is 11 of 24

Answer Stats

Cast:Character:% Correct
Robert Downey Jr.Iron Man
100%
Chris EvansCaptain America
100%
Chris HemswothThor
100%
Scarlett JohanssonBlack Widow
100%
Mark RuffaloHulk
100%
Jeremy RennerHawkeye
100%
Tom HiddlestonLoki
91%
Samuel L. JacksonNick Fury
88%
Gwyneth PaltrowPepper Potts
64%
Paul Bettany(Voice)Jarvis
61%
Cobie SmuldersMaria Hill
45%
Clark GreggPhil Coulson
45%
Stan LeeStan Lee
42%
Stellan SkarsgårdErik Selvig
33%
Arthur Darbinyan | Donald Li | Jenny Agutter | Powers BootheWorld Security Council
9%
Alexis DenisofThe Other
6%
Maximiliano HernandezJasper Sitwell
6%
Tina BenkoNASA Scientist
3%
Jerzy SkolimowskiGeorgi Luchkov
3%
Kirill NikiforovWeaselly Thug
3%
Jeff WolfeTall Thug
3%

Score Distribution

Percentile by Number Answered

Percent of People with Each Score

Your Score History

You have not taken this quiz